| 000 | 00768 a2200253 4500 | ||
|---|---|---|---|
| 005 | 20260409133739.0 | ||
| 008 | 260409b |||||||| |||| 00| 0 eng d | ||
| 020 | _a9781529667981 | ||
| 040 |
_aLC _cUNZA _eRDA |
||
| 050 |
_aHM 1033 _bCRI 2024. |
||
| 100 |
_aCrisp, J. Richard _eauthor |
||
| 245 |
_aEssential Social Psychology / _cRichard J. Crisp ; Rhiannon N. Turner and Rose Meleady. |
||
| 250 | _a5TH EDITION. | ||
| 260 |
_bSAGE : _c2024. _aLondon, |
||
| 300 |
_axx, 531 Pages : _billustrations. |
||
| 336 | _aText | ||
| 337 | _aUnmediated | ||
| 338 | _aVolume | ||
| 504 | _aIncludes bibliographical references and index. | ||
| 650 | _aSocial Psychology. | ||
| 700 |
_aTurner, Rhiannon N. _eauthor |
||
| 700 |
_aMeleady, Rose _eauthor |
||
| 942 | _cBOOK | ||
| 999 |
_c216567 _d216567 |
||